01013nam a22002417a 450000500170000000800410001704000080005810000290006624500430009526000520013830000340019033600270022433700330025133800290028450501210031365000490043465000110048365000440049470000320053894200170057095201670058799900170075420260212220912.0260212s1983 mx a|||| |||| 001 0 spa d bspa aAGUIRRE TINOCO, HUMBERTO aSONES DE LA TIERRA Y CANTARES JAROCHOS aMÉXICO : bPREMIA EDITORA DE LIBROS ,c1983.  a230 páginasc13.5 x 20.8 cm 2rdacontentatextobtxt 2rdamediaasin mediaciónbn 2rdacarrieravolumen bnc aEL LLAMADO SON VERACRUZANO O JAROCHO ES PROBABLEMENTE LA MAS RICA EXPRESION ARTISTICA DEL SECTOR MESTIZO DE MÉXICO aLAS ARTES BELLAS ARTES Y ARTES DECORATIVAS  aMUSICA aINSTRUMENTOS Y CONJUNTOS INSTRUMENTALES aSALVADOR, FERNANDOePORTADA 2ddccGENERAL 00102ddc40728GENERALaBPCEFCbBPCEFCcACCESO "B" PLATA BAJAd2026-02-12eDONACIÓN DGBl0o784.497262 / A38r2026-02-12 22:16:38tEJ. 1 w2024-07-25yGENERAL c68517d68517